| 000 | 00704nam a2200181Ia 4500 | ||
|---|---|---|---|
| 003 | GCL | ||
| 008 | 140319s9999 xx 000 0 ara d | ||
| 040 |
_aGCL / _cGCL |
||
| 082 | 0 | 4 |
_aق _b953.084 _bع خ |
| 100 | 1 | _aعاصم محمد رزق | |
| 245 | 1 | 0 |
_aخانقاوات الصوفية فى مصر فى العصر الايوبى والمملوكى (567 - 923هـ , 1171 - 1517م)ج1 / _cعاصم محمد رزق |
| 300 | _a472 ص | ||
| 490 |
_aصفحات من تاريخ مصر _v0 |
||
| 650 | 0 | 4 | _aالطرق الصوفية |
| 650 | 0 | 4 | _aمصر - تاريخ - عصر المماليك ( 1250-1517 م ) |
| 650 | 0 | 4 | _aمصر - تاريخ - العصر الايوبى ( 1171-1250 م ) |
| 942 |
_2ddc _cBK |
||
| 999 |
_c48125 _d48125 |
||